Statistics for Scarlett Johansson Movies

Click here to take the quiz!

General Stats

  • This quiz has been taken 15 times
  • The average score is 7 of 17

Answer Stats

Release YearCostarsMovie% Correct
2010Robert Downey Jr., Gwyneth PaltrowIron Man 2
87%
2021Florence Pugh, David HarbourBlack Widow
73%
2019Taika Waititi, Sam RockwellJojo Rabbit
73%
2003Bill Murray, Anna FarisLost in Translation
67%
2014Morgan Freeman, Lio TiptonLucy
60%
2006Christian Bale, Michael CaineThe Prestige
33%
2011Matt Damon, Elle FanningWe Bought a Zoo
33%
2016George Clooney, Josh BrolinHail, Caesar!
27%
2016Matthew McConaughey, Reese WitherspoonSing
27%
2016Ben Kingsley, Idris ElbaThe Jungle Book
27%
2008Natalie Portman, Eric BanaThe Other Boleyn Girl
27%
2022Margot Robbie, Tom HanksAsteroid City
20%
2012Anthony Hopkins, Helen MirrenHitchcock
20%
2018Bryan Cranston, Bill MurrayIsle of Dogs
20%
2006Hugh Jackman, Geoff BellScoop
20%
2005Ewan McGregor, Djimon HounsouThe Island
20%
2013Jeremy McWilliams, D. MeadeUnder the Skin
20%

Score Distribution

Percentile by Number Answered

Percent of People with Each Score

Your Score History

You have not taken this quiz